000 01556nam a2200253 4500
001 42300
003 ES-MaACL
005 20231204171250.0
007 t|
008 030313m19151922sp af |||| | spa d
080 _a806.0-532
080 _a860.09
080 _a860(8.03).09
100 1 _aCejador y Frauca, Julio,
_d1864-1927
_937333
245 1 0 _aHistoria de la lengua y literatura castellana /
_cpor Julio Cejador y Frauca.
260 _aMadrid :
_bTip. de la Revista de Archivos, Bibliotecas y Museos,
_c1915-1922.
300 _a14 v., lám. ;
_c24 cm.
505 8 _aContiene: V.I.: Desde sus orígenes hasta Carlos V. -- V.II.: Epoca de Carlos V. -- V.III.: Epoca de Felipe II. -- V.IV.: Epoca de Felipe III. -- V.V.: Epoca de Felipe IV y Carlos II. -- V.VI.: Siglo XVIII hasta 1829. -- V. VII.: Epoca romántica 1830-1849. -- V. VIII.: Epoca realista: 1 parte: antes de la revolución 1850-1869. -- V. IX.: Epoca realista: 2ª parte: después de la revolución 1850-1869. -- V. X.: Epoca regional y modernista 1888-1907 : 1ª parte. -- V. XI.: Epoca regional y modernista 1887-1907 : 2ª parte. -- V. XII.: Epoca regional y modernista, 1888-1907 : 3ª parte. -- V. XIII.: Epoca contemporánea, 1908-1920 : 1ª parte. -- V. XIV.: Epoca contemporánea 1908-1920 : fin y apéndices.
650 0 4 _aLengua española-
_vHistoria.
_914166
650 4 _aLiteratura española-
_xHistoria y crítica
_914560
650 0 4 _aLiteratura hispanoamericana-
_xHistoria y crítica.
_914606
852 _aES-MaACL
_jB-3914-27
999 _c42300
_d42300